| 000 | 00514nam a22001577a 4500 | ||
|---|---|---|---|
| 003 | NUST | ||
| 082 | _a200 | ||
| 100 |
_aHussain, Shahid _917022 |
||
| 245 |
_aDevelopment of Verification IP (VIP) for RISC-V based Microprocessors/ _cShahid Hussain, |
||
| 264 |
_aIslamabad : _bSEECS, NUST, _c2023. |
||
| 300 |
_a74 p. ; _c30 cm. |
||
| 650 |
_aMS-Electrical Engineering _923567 |
||
| 700 |
_aSupervisor: Dr. Rehan Ahmed _997186 |
||
| 856 | _uhttp://10.250.8.41:8080/xmlui/handle/123456789/37299 | ||
| 942 |
_2ddc _cSC |
||
| 999 |
_c603391 _d603391 |
||